Most Visited U.S. States by Chinese - Statistics

General Stats
  • This quiz has been taken 610 times
  • The average score is 9 of 10
Answer Stats
Visits State % Correct
364,397 New York
99%
904,732 California
98%
76,555 Florida
95%
99,895 Texas
93%
138,046 Washington
90%
69,040 Nevada
85%
129,165 Hawaii
79%
103,594 Illinois
75%
110,707 Massachusetts
71%
109,966 New Jersey
71%
No matching quizzes found
Score Distribution
Percent of People with Each Score
Percentile by Number Answered
Your Score History
You have not taken this quiz